Dialogue entre courants sur la notion d'« inconscient » (notice n° 1581880)
[ vue normale ]
| 000 -LEADER | |
|---|---|
| fixed length control field | 01607cam a2200289 4500500 |
| 005 - DATE AND TIME OF LATEST TRANSACTION | |
| control field | 20251228051612.0 |
| 041 ## - LANGUAGE CODE | |
| Language code of text/sound track or separate title | fre |
| 042 ## - AUTHENTICATION CODE | |
| Authentication code | dc |
| 100 10 - MAIN ENTRY--PERSONAL NAME | |
| Personal name | Heenen-Wolff, Susann |
| Relator term | author |
| 245 00 - TITLE STATEMENT | |
| Title | Dialogue entre courants sur la notion d'« inconscient » |
| 260 ## - PUBLICATION, DISTRIBUTION, ETC. | |
| Date of publication, distribution, etc. | 2007.<br/> |
| 500 ## - GENERAL NOTE | |
| General note | 77 |
| 520 ## - SUMMARY, ETC. | |
| Summary, etc. | RésuméDeux psychologues d’orientation cognitivo-comportementale et une psychanalyste discutent de leurs compréhensions respectives du concept de l’« inconscient ». Dans ce dialogue « entre courants » il est question des différences dans les approches, mais également des niveaux de théorisation où des convergences deviennent évidentes. |
| 520 ## - SUMMARY, ETC. | |
| Summary, etc. | Two behavioural and cognitive orientated psychologists and one psychoanalyst discuss about their different understandings of the concept of the “unconscious”. In this dialogue “between schools” the differences in the approaches will be stressed, but also the theoretical levels where we can see convergences. |
| 690 ## - LOCAL SUBJECT ADDED ENTRY--TOPICAL TERM (OCLC, RLIN) | |
| Topical term or geographic name as entry element | compréhensions différentes |
| 690 ## - LOCAL SUBJECT ADDED ENTRY--TOPICAL TERM (OCLC, RLIN) | |
| Topical term or geographic name as entry element | dialogue interdisciplinaire |
| 690 ## - LOCAL SUBJECT ADDED ENTRY--TOPICAL TERM (OCLC, RLIN) | |
| Topical term or geographic name as entry element | inconscients |
| 690 ## - LOCAL SUBJECT ADDED ENTRY--TOPICAL TERM (OCLC, RLIN) | |
| Topical term or geographic name as entry element | rapprochement possibles |
| 690 ## - LOCAL SUBJECT ADDED ENTRY--TOPICAL TERM (OCLC, RLIN) | |
| Topical term or geographic name as entry element | different comprehensions |
| 690 ## - LOCAL SUBJECT ADDED ENTRY--TOPICAL TERM (OCLC, RLIN) | |
| Topical term or geographic name as entry element | interdisciplinary dialog |
| 690 ## - LOCAL SUBJECT ADDED ENTRY--TOPICAL TERM (OCLC, RLIN) | |
| Topical term or geographic name as entry element | possible interferences |
| 690 ## - LOCAL SUBJECT ADDED ENTRY--TOPICAL TERM (OCLC, RLIN) | |
| Topical term or geographic name as entry element | unconscious |
| 700 10 - ADDED ENTRY--PERSONAL NAME | |
| Personal name | Philippot, Pierre |
| Relator term | author |
| 700 10 - ADDED ENTRY--PERSONAL NAME | |
| Personal name | Van Broeck, Nady |
| Relator term | author |
| 786 0# - DATA SOURCE ENTRY | |
| Note | Cahiers de psychologie clinique | 29 | 2 | 2007-09-27 | p. 37-50 | 1370-074X |
| 856 41 - ELECTRONIC LOCATION AND ACCESS | |
| Uniform Resource Identifier | <a href="https://shs.cairn.info/revue-cahiers-de-psychologie-clinique-2007-2-page-37?lang=fr&redirect-ssocas=7080">https://shs.cairn.info/revue-cahiers-de-psychologie-clinique-2007-2-page-37?lang=fr&redirect-ssocas=7080</a> |
Pas d'exemplaire disponible.




Réseaux sociaux